000 00860nam a2200301Ia 4500
001 A6326
003 IT-RoPAU
008 130308s9999 xx 000 0 und d
040 _aIT-RoPAU
040 _cIT-RoPAU
041 _aITALIANO
100 _aCaprettini Gianpaolo
100 _gCodice Aut. SPICS: 11221
245 _aSull'intelligibilità narrativa del sogno
245 _bDiscorso Narrativo (Il)-3-Quaderni di ricerche Semantiche
250 _a1a ed.
260 _aTORINO
260 _bCentro Scientifico Torinese
260 _c1989 [1° Ed.:1989 - Ed.Ling.Originale:1988]
300 _a"8 p. (prefazione: no ; testo: 8 [pagine: 27-34])"
500 _aIdentità del Sogno. Accettare Il Sogno?
650 _aSAGGI DI SEMIOLOGIA
650 _eCodice materia Spics: 3257
942 _cBK
957 _71
999 _c41620
_d41620
999 _bSI
999 _g1